<?xml version="1.0" encoding="UTF-8"?>
<marc:record xmlns:marc="http://www.loc.gov/MARC21/slim">
   <marc:leader>00000nam a2200000 a 4500</marc:leader>
   <marc:datafield ind1="0" ind2="0" tag="245">
      <marc:subfield code="a">5-Minuten-Geschichten</marc:subfield>
   </marc:datafield>
   <marc:datafield ind1=" " ind2="1" tag="264">
      <marc:subfield code="a">Hamburg</marc:subfield>
      <marc:subfield code="b">Nelson</marc:subfield>
   </marc:datafield>
   <marc:datafield ind1="1" ind2=" " tag="490">
      <marc:subfield code="a">Marvel</marc:subfield>
   </marc:datafield>
   <marc:datafield ind1="1" ind2=" " tag="520">
      <marc:subfield code="a">New Yorks beliebtester Spinnen-Superheld ist zurück, um seine bisher größten Schurken zu bekämpfen!&#xD;
Wenn Bösewichte und Schurken New York City aufsuchen, wird Peter Parker zu Spider-Man. Begleite ihn und seine Freunde Gwen auf ihren spannenden Abenteuern in New York City! Außerdem gibt es ein Wiedersehen mit anderen beliebten Helden und Schurken aus dem Marvel-Universum. &#xD;
Jede dieser Geschichten hat die perfekte Länge, um sie in etwa 5 Minuten vorzulesen, und eignet sich somit perfekt zum Lesen für zwischendurch, unterwegs oder zum Schlafengehen.&#xD;
&#xD;
Mit tollen Illustrationen und spannenden Abenteuern!</marc:subfield>
   </marc:datafield>
   <marc:datafield ind1=" " ind2=" " tag="020">
      <marc:subfield code="a">9783845122359</marc:subfield>
      <marc:subfield code="9">9783845122359</marc:subfield>
   </marc:datafield>
   <marc:datafield ind1=" " ind2=" " tag="020">
      <marc:subfield code="a">3845122358</marc:subfield>
      <marc:subfield code="9">3845122358</marc:subfield>
   </marc:datafield>
   <marc:datafield ind1=" " ind2=" " tag="041">
      <marc:subfield code="a">ger</marc:subfield>
   </marc:datafield>
   <marc:datafield ind1=" " ind2=" " tag="300">
      <marc:subfield code="a">77 Seiten</marc:subfield>
   </marc:datafield>
</marc:record>
